Mniejszosci narodowe w Rosji - Statystyki

Ogólne statystyki
  • Ten quiz został rozwiązany 68 razy
  • Średni wynik to 6 z 20
Statystyki odpowiedzi
Odpowiedź Liczba ludnosci % Poprawnych
Ukraińcy 884 tys
84%
Tatarzy 4,71 mln
76%
Czeczeni 1,67 mln
70%
Kazachowie 591 tys
59%
Ormianie 946 tys
43%
Jakuci 478 tys
41%
Azerowie 474 tys
33%
Buriaci 460 tys
33%
Baszkirzy 1,57 mln
25%
Czuwasze 1,06 mln
24%
Ingusze 517 tys
24%
Osetyjczycy 485 tys
24%
Udmurci 386 tys
19%
Mordwini 484 tys
16%
Maryjczycy 423 tys
14%
Awarowie 1,01 mln
6%
Kabardyjczycy 523 tys
6%
Dargijczycy 626 tys
5%
Lezgini 488 tys
5%
Kumycy 565 tys
3%
Nie znaleziono quizów pasujących do podanych kryteriów
Rozkład punktacji
Procent ludzi z każdym wynikiem
Percentyl według liczby udzielonych odpowiedzi
Twoja historia wyników
Nie rozwiązałeś tego quizu